La Dictadura de Primo de Rivera : (1923-1930) : Textos / Selección, bibliografía e introducción de Jordi Cassassas [i.e. Casassas] Ymbert (1923-1930) :
Descripción Física:
339 p., 4 f. ; 20 cm
Colección:
Historia, ideas y textos ; 2
MARC
| LEADER | 00000nam a2200000Ia 4500 | ||
|---|---|---|---|
| 001 | 1292 | ||
| 008 | 160829s1983 xx 000 0 cat d | ||
| 080 | |a H-1-179 | ||
| 100 | |a Casassas, Jordi, |d 1948- |9 50016 | ||
| 245 | |a La Dictadura de Primo de Rivera : |b (1923-1930) : |b Textos / Selección, bibliografía e introducción de Jordi Cassassas [i.e. Casassas] Ymbert | ||
| 260 | |a Barcelona : |b Anthropos, |c 1983 | ||
| 300 | |a 339 p., 4 f. ; |c 20 cm | ||
| 490 | |a Historia, ideas y textos ; 2 | ||
| 650 | |a Espanya |x Història |x 1923/1930, Dictadura de Primo de Rivera |9 24301 | ||
| 901 | |a Arxiu | ||
| 942 | |n 1 | ||
| 952 | |0 0 |1 0 |4 0 |6 H1179 |7 1 |9 43069 |a Arxiu |b Arxiu |d 2016-12-01 |l 0 |o H-1-179 |p 1292 |r 2016-12-01 00:00:00 |w 2016-12-01 |y ARXIU | ||
| 999 | |c 45613 |d 45613 | ||